000 00406nam a22001697a 4500
003 NUST
022 _a9789380501529
038 _aKhadija
082 _a620.106
_bDIX
100 _aDixon, S. L.
_963320
245 _aFluid Mechanics and Thermodynamics of Turbomachinery
260 _aNew York:
_bElsevier,
_c2010.
300 _a459p. ;
_b26 cm.
500 _aPaperback.
563 _aPB
942 _cBK
_2ddc
999 _c32670
_d32670